000 00232nam a22000977a 4500
999 _c259110
_d259109
020 _a0619035285
245 _aInformation Technology project Management
250 _a2nd ed
260 _aCanada
_bCourse Technology
_c2002
942 _cBK